Countries with Starbucks- Sudden Death - Statistics

General Stats
  • This quiz has been taken 28 times
  • The average score is 8 of 26
Answers on the Grid
Answers color-coded by a green-red scale on the quiz's grid according to % correct below.
United States of America
Canada
Mexico
Cuba
Trinidad and Tobago
Venezuela
Brazil
Argentina
United Kingdom
Switzerland
Germany
Austria
Iceland
Norway
Belgium
Italy
Ukraine
Russia
Australia
New Zealand
Fiji
Iraq
Kuwait
Lebanon
Saudi Arabia
Iran
Egypt
Algeria
Morocco
Afghanistan
Pakistan
India
Philippines
Indonesia
Japan
China
South Korea
Kenya
Nigeria
 
Answer Stats
Answer % Correct
Canada
100%
Mexico
100%
United States of America
100%
Australia
67%
United Kingdom
67%
Argentina
33%
Belgium
33%
Brazil
33%
Egypt
33%
Germany
33%
Italy
33%
Japan
33%
Kuwait
33%
New Zealand
33%
Saudi Arabia
33%
South Korea
33%
Trinidad and Tobago
33%
Austria
0%
China
0%
India
0%
Indonesia
0%
Lebanon
0%
Morocco
0%
Norway
0%
Philippines
0%
Switzerland
0%
No matching quizzes found
Score Distribution
Percent of People with Each Score
Percentile by Number Answered
Your Score History
You have not taken this quiz